000 00450nam a2200157Ia 4500
008 220216s9999 xx 000 0 und d
100 _aKiatkamjornwong S
245 0 _aNatural rubber-cassava starch foam by compression moulding
260 _bPlastics, Rubber and Composites
_c2001
300 _a318-327
650 _aCompression moulding
650 _aNR-cassaca starch
700 _aSurunchanajirasakul P
700 _aTasakorn P
942 _cJS
999 _c63687
_d63687